[Event "C.to Italiano Semifinale"]
[Site "Torino ITA"]
[Date "2000.06.18"]
[Round "1"]
[White "Astengo, Marcello"]
[Black "Bellia, Fabrizio"]
[Result "0-1"]
[WhiteElo "2032"]
[BlackElo "2321"]
[PlyCount "52"]
[EventDate "2000.06.18"]

1. d4 Nf6 2. c4 g6 3. d5 Bg7 4. Nc3 O-O 5. e4 e5 6. Be2 d6 7. g4 Na6 8. g5 Ne8
9. Be3 f5 10. exf5 Bxf5 11. Nf3 Nc5 12. Nh4 Bc8 13. Qd2 a6 14. O-O-O b5 15.
cxb5 axb5 16. Bxb5 Rxa2 17. Kb1 Nb3 18. Qe2 Ra1+ 19. Kc2 Nd4+ 20. Bxd4 Rxd1 21.
Qxd1 exd4 22. Ne4 Rf4 23. Nxg6 hxg6 24. Bd3 Bf5 25. Nf6+ Nxf6 26. Bxf5 Rxf5 0-1

[Event "C.to Italiano Semifinale"]
[Site "Torino ITA"]
[Date "2000.06.18"]
[Round "1"]
[White "Di Lao, Riccardo"]
[Black "Laco, Giuseppe"]
[Result "1-0"]
[WhiteElo "1716"]
[BlackElo "2209"]
[PlyCount "71"]
[EventDate "2000.06.18"]

1. d4 g6 2. e4 Bg7 3. c3 b6 4. Be3 Bb7 5. Nd2 d6 6. Bc4 e6 7. Ne2 Nf6 8. f3 d5
9. Bb5+ c6 10. Bd3 O-O 11. Bg5 Qc8 12. O-O c5 13. Rc1 c4 14. Bc2 b5 15. Ng3 Nc6
16. Bxf6 Bxf6 17. f4 dxe4 18. Ndxe4 Be7 19. Ng5 f6 20. Nxh7 Rf7 21. Bxg6 Rg7
22. Qh5 Nd8 23. f5 e5 24. dxe5 Qc5+ 25. Kh1 Qxe5 26. Rcd1 Qc7 27. Rfe1 Nf7 28.
Re6 Ne5 29. Nxf6+ Bxf6 30. Rxf6 Nd3 31. Rd2 Bd5 32. Qd1 Rd8 33. Qg4 Qe5 34. Re2
Qxf6 35. Nh5 Qc6 36. Bf7+ 1-0

[Event "C.to Italiano Semifinale"]
[Site "Torino ITA"]
[Date "2000.06.18"]
[Round "1"]
[White "Ferretti, Folco"]
[Black "Orlando, Luigi"]
[Result "1-0"]
[WhiteElo "2286"]
[BlackElo "1794"]
[PlyCount "69"]
[EventDate "2000.06.18"]

1. e4 d6 2. d4 Nf6 3. Nc3 g6 4. g3 Bg7 5. Bg2 O-O 6. Nge2 c5 7. dxc5 dxc5 8.
Qxd8 Rxd8 9. Be3 Na6 10. h3 e5 11. O-O Rb8 12. f4 Nd7 13. Rad1 Nb4 14. Bxc5
Nxc2 15. Bxa7 Ra8 16. Bf2 Nb4 17. Rd2 Nc6 18. Rfd1 Bf6 19. Nd5 Rf8 20. Nec3 Ra5
21. b4 Ra3 22. Nb5 Ra4 23. Nxf6+ Nxf6 24. Bc5 exf4 25. gxf4 Be6 26. Bxf8 Kxf8
27. a3 Bc4 28. Nd6 Bb3 29. Rb1 Rxa3 30. Nxb7 Nh5 31. b5 Ne7 32. Nc5 Be6 33. b6
Nxf4 34. Nxe6+ Nxe6 35. b7 1-0

[Event "C.to Italiano Semifinale"]
[Site "Torino ITA"]
[Date "2000.06.18"]
[Round "1"]
[White "Figus, Maurizio"]
[Black "Ciuffoletti, Paolo"]
[Result "0-1"]
[WhiteElo "1675"]
[BlackElo "2168"]
[PlyCount "64"]
[EventDate "2000.06.18"]

1. e4 c5 2. Nf3 Nc6 3. d4 cxd4 4. Nxd4 Nf6 5. Nc3 e5 6. Ndb5 d6 7. Nd5 Nxd5 8.
exd5 Nb8 9. c4 Be7 10. Bd3 a6 11. Nc3 O-O 12. O-O f5 13. f3 Bg5 14. Bxg5 Qxg5
15. b4 Nd7 16. Qc1 Qh4 17. Qe3 Qf6 18. Rac1 e4 19. fxe4 f4 20. Qf2 a5 21. bxa5
Ne5 22. Bb1 Qh6 23. Qd2 Nxc4 24. Qd3 Ne3 25. Rf3 Bg4 26. Rxe3 fxe3 27. Re1 e2
28. Nxe2 Bxe2 29. Qxe2 Rxa5 30. e5 Rxd5 31. Qc4 Qd2 32. Qe4 Qf2+ 0-1

[Event "C.to Italiano Semifinale"]
[Site "Torino ITA"]
[Date "2000.06.18"]
[Round "1"]
[White "Martorelli, Antonio"]
[Black "Nikolajevic, Tihomir"]
[Result "1-0"]
[WhiteElo "2271"]
[BlackElo "1740"]
[PlyCount "129"]
[EventDate "2000.06.18"]

1. e4 c5 2. Nf3 e6 3. Nc3 a6 4. g3 Nc6 5. Bg2 d6 6. O-O Nf6 7. d4 cxd4 8. Nxd4
Nxd4 9. Qxd4 Be7 10. b3 O-O 11. Bb2 Ne8 12. Rfd1 Qc7 13. Na4 Bf6 14. Qb6 Bxb2
15. Qxc7 Nxc7 16. Nxb2 Rd8 17. Nc4 Ne8 18. e5 d5 19. Nb6 Rb8 20. c4 Nc7 21. Rd2
Bd7 22. cxd5 exd5 23. Nxd5 Nxd5 24. Rxd5 Kf8 25. Rc1 Ke8 26. Rc7 b6 27. Rdxd7
Rxd7 28. Bc6 Rbd8 29. Ra7 Ke7 30. Bxd7 Rxd7 31. Rxa6 Rb7 32. a4 b5 33. a5 b4
34. Kf1 Rb5 35. Ra7+ Ke6 36. a6 Rxe5 37. Rb7 Ra5 38. a7 Ra2 39. Kg2 Ra3 40. g4
g5 41. h3 Kf6 42. Kf1 Ra2 43. Ke1 Ke6 44. Kd1 Kf6 45. Kc1 Ke6 46. Kb1 Ra3 47.
Kb2 Kf6 48. f3 Ke6 49. Rb6+ Ke7 50. Rxb4 Rxa7 51. Rd4 Ke6 52. b4 Ke5 53. Rd3
Kf4 54. Kb3 Ke5 55. b5 Ke6 56. Kb4 Rd7 57. Rxd7 Kxd7 58. Ka5 Kc7 59. Ka6 Kb8
60. Kb6 h6 61. Kc6 Kc8 62. Kd6 Kb7 63. Ke7 Kb6 64. Kxf7 Kxb5 65. Kg6 1-0

[Event "C.to Italiano Semifinale"]
[Site "Torino ITA"]
[Date "2000.06.18"]
[Round "1"]
[White "Petruccioli, Antonio"]
[Black "Contin, Daniel"]
[Result "0-1"]
[WhiteElo "2114"]
[BlackElo "2391"]
[PlyCount "78"]
[EventDate "2000.06.18"]

1. e4 c5 2. Nf3 Nc6 3. Bb5 g6 4. O-O Bg7 5. c3 e5 6. d3 Nge7 7. Nbd2 O-O 8. Re1
d6 9. a3 a6 10. Bc4 b5 11. Ba2 a5 12. Qb3 a4 13. Qd1 h6 14. Nf1 d5 15. Be3 d4
16. cxd4 exd4 17. Bf4 g5 18. Bxg5 hxg5 19. Nxg5 Qd6 20. f4 c4 21. dxc4 b4 22.
c5 Qg6 23. axb4 Nxb4 24. Bb1 Bd7 25. e5 d3 26. Qd2 Ned5 27. Ra3 Bb5 28. Ng3 f6
29. Ne6 Bh6 30. Rf1 fxe5 31. Nxf8 Rxf8 32. Qd1 Bxf4 33. Nh5 Be3+ 34. Kh1 Rxf1+
35. Qxf1 Qxh5 36. Qe1 Bxc5 37. Qg3+ Kh8 38. h3 Qd1+ 39. Kh2 Qg1# 0-1

[Event "C.to Italiano Semifinale"]
[Site "Torino ITA"]
[Date "2000.06.18"]
[Round "1"]
[White "Rossi, Giampiero"]
[Black "Tatai, Stefano"]
[Result "0-1"]
[WhiteElo "2078"]
[BlackElo "2371"]
[PlyCount "102"]
[EventDate "2000.06.18"]

1. d4 Nf6 2. c4 e6 3. Nc3 Bb4 4. Qc2 O-O 5. a3 Bxc3+ 6. Qxc3 d6 7. Bg5 Nbd7 8.
Nf3 b6 9. g3 Bb7 10. Bg2 Qc8 11. O-O Ne4 12. Qc2 f5 13. Rad1 Qe8 14. Bc1 Ndf6
15. Ne1 h6 16. f3 Ng5 17. Nd3 Nf7 18. Nf2 c5 19. dxc5 bxc5 20. b3 Qe7 21. Bb2
Bc6 22. Bc3 Rfb8 23. Rb1 Rb6 24. b4 cxb4 25. axb4 Rc8 26. Rfc1 Bd7 27. Qa2 Rb7
28. Nd3 Rbc7 29. Bd4 e5 30. Bf2 Be6 31. Nb2 Rb8 32. Nd3 Rbc8 33. Nb2 Rb7 34.
Qa3 Nd7 35. c5 dxc5 36. bxc5 Nb8 37. Nd3 Nc6 38. Rxb7 Qxb7 39. f4 e4 40. Qb2
Qd7 41. Ne1 Rb8 42. Qc2 Nfd8 43. Rb1 Nb4 44. Qd1 Qxd1 45. Rxd1 Ndc6 46. Rd6 Kf7
47. Be3 a5 48. Kf2 Rb5 49. Nc2 Nxc2 50. Rxc6 Rb3 51. Bc1 e3+ 0-1

[Event "C.to Italiano Semifinale"]
[Site "Torino ITA"]
[Date "2000.06.18"]
[Round "1"]
[White "Sarno, Spartaco"]
[Black "De Barberis, Massimo"]
[Result "1-0"]
[WhiteElo "2391"]
[BlackElo "2103"]
[PlyCount "67"]
[EventDate "2000.06.18"]

1. Nf3 Nf6 2. g3 b5 3. Bg2 Bb7 4. O-O e6 5. b3 d5 6. Bb2 Be7 7. d3 O-O 8. Nbd2
c5 9. Re1 Nc6 10. e4 Qc7 11. e5 Nd7 12. h4 a5 13. a4 b4 14. Nf1 Rac8 15. N1h2
Nd4 16. Bxd4 cxd4 17. Rc1 Qc3 18. Re2 Ba6 19. Rb1 Rc6 20. Ne1 Rfc8 21. f4 Qc5
22. Nhf3 Qb6 23. Bh3 Nf8 24. Kh1 R8c7 25. Rd2 Bc8 26. Qe2 Bc5 27. Qf2 Ng6 28.
Re2 Ne7 29. g4 Bd7 30. h5 Rc8 31. Ng2 Rf8 32. Rf1 f5 33. exf6 Rxf6 34. Ne5 1-0

[Event "C.to Italiano Semifinale"]
[Site "Torino ITA"]
[Date "2000.06.18"]
[Round "1"]
[White "Spinelli, Doriano"]
[Black "Zotti, Enrico"]
[Result "1-0"]
[WhiteElo "2189"]
[BlackElo "1704"]
[PlyCount "51"]
[EventDate "2000.06.18"]

1. e4 c5 2. d4 cxd4 3. c3 d3 4. Bxd3 Nc6 5. Nf3 d6 6. O-O Nf6 7. Qe2 g6 8. Rd1
Qc7 9. Bf4 Bg4 10. Na3 a6 11. Nc4 Bg7 12. h3 Bxf3 13. Qxf3 O-O 14. a4 Nd7 15.
Qe2 Nce5 16. Ne3 e6 17. Bc2 Rfd8 18. Bg5 Nf6 19. f4 Nc6 20. Ng4 Qb6+ 21. Qe3
Qxe3+ 22. Nxe3 Ne7 23. Rd2 e5 24. fxe5 dxe5 25. Rf2 Rd6 26. Raf1 1-0

[Event "C.to Italiano Semifinale"]
[Site "Torino ITA"]
[Date "2000.06.18"]
[Round "1"]
[White "Vezzosi, Paolo"]
[Black "Rettore, Ludwig"]
[Result "1-0"]
[WhiteElo "2360"]
[BlackElo "2076"]
[PlyCount "65"]
[EventDate "2000.06.18"]

1. d4 d5 2. c4 e6 3. Nc3 Nf6 4. cxd5 exd5 5. Bg5 Be7 6. e3 O-O 7. Bd3 Nbd7 8.
Nge2 Re8 9. Qc2 Nf8 10. O-O-O g6 11. h4 c6 12. Kb1 b6 13. Ng3 Ne6 14. Bxf6 Bxf6
15. h5 Bg7 16. hxg6 hxg6 17. f4 Nf8 18. Qf2 Bb7 19. f5 Qf6 20. Rhf1 c5 21. Bb5
Re7 22. dxc5 bxc5 23. fxg6 Qxf2 24. Rxf2 Nxg6 25. Nxd5 Bxd5 26. Rxd5 Rxe3 27.
Nf5 Re1+ 28. Kc2 Rb8 29. Nxg7 Rxb5 30. Nh5 Re5 31. Rd8+ Nf8 32. Nf6+ Kg7 33.
Rxf8 1-0

[Event "C.to Italiano Semifinale"]
[Site "Torino ITA"]
[Date "2000.06.18"]
[Round "1"]
[White "Vigile, Matteo"]
[Black "Collutiis, Duilio"]
[Result "0-1"]
[WhiteElo "1783"]
[BlackElo "2271"]
[PlyCount "72"]
[EventDate "2000.06.18"]

1. e4 c5 2. c3 Nf6 3. e5 Nd5 4. d4 cxd4 5. cxd4 e6 6. Nf3 b6 7. Bd3 Ba6 8. O-O
Be7 9. Nc3 Bxd3 10. Qxd3 Nxc3 11. bxc3 d5 12. exd6 Bxd6 13. Re1 h6 14. Ne5 Bxe5
15. Qb5+ Nd7 16. dxe5 a6 17. Qa4 O-O 18. Qg4 Kh7 19. Bf4 Rc8 20. Re3 Rc4 21. h4
Qc7 22. Rg3 g6 23. Rd1 b5 24. Rd4 Rxd4 25. cxd4 Qc2 26. h5 Rg8 27. hxg6+ Rxg6
28. Qh5 Qb1+ 29. Kh2 Nb6 30. Qf3 Nd5 31. Be3 Rxg3 32. Qxg3 Qe4 33. Kg1 b4 34.
Qh3 Nxe3 35. Qxe3 Qxe3 36. fxe3 a5 0-1

[Event "C.to Italiano Semifinale"]
[Site "Torino ITA"]
[Date "2000.06.19"]
[Round "2"]
[White "Bellia, Fabrizio"]
[Black "Spinelli, Doriano"]
[Result "1-0"]
[WhiteElo "2321"]
[BlackElo "2189"]
[PlyCount "82"]
[EventDate "2000.06.18"]

1. e4 d5 2. exd5 Nf6 3. d4 Bg4 4. f3 Bf5 5. Bb5+ c6 6. dxc6 bxc6 7. Bd3 e6 8.
Ne2 Bd6 9. Nbc3 Bg6 10. Bxg6 hxg6 11. Bf4 Nh5 12. Bxd6 Qxd6 13. Qd2 Nd7 14. Ne4
Qe7 15. Qc3 Rc8 16. O-O f5 17. Nc5 Qh4 18. Qe3 Nxc5 19. dxc5 Kf7 20. h3 g5 21.
Rad1 Rc7 22. Rd6 Rh6 23. Rfd1 Nf4 24. Nxf4 gxf4 25. Qf2 Qg5 26. Kf1 e5 27. Qe2
Rf6 28. Qxe5 Re7 29. Rd7 Rfe6 30. Rxe7+ Rxe7 31. Qd4 Qg3 32. Qf2 Qh2 33. b4 Re3
34. c4 g5 35. Qd2 Kg6 36. Qd7 Rxf3+ 37. gxf3 Qxh3+ 38. Ke2 Qg2+ 39. Ke1 Qh1+
40. Kd2 Qxf3 41. Qe8+ Kf6 1-0

[Event "C.to Italiano Semifinale"]
[Site "Torino ITA"]
[Date "2000.06.19"]
[Round "2"]
[White "Ciuffoletti, Paolo"]
[Black "Vezzosi, Paolo"]
[Result "0-1"]
[WhiteElo "2168"]
[BlackElo "2360"]
[PlyCount "86"]
[EventDate "2000.06.18"]

1. e4 e6 2. Nf3 d5 3. e5 Nh6 4. d4 c5 5. Bxh6 gxh6 6. c3 Qb6 7. Qb3 Nc6 8. Qxb6
axb6 9. Na3 Be7 10. Be2 f6 11. O-O O-O 12. Nc2 Bd7 13. Rfe1 fxe5 14. Nxe5 Nxe5
15. dxe5 Ra4 16. g3 Be8 17. b3 Re4 18. f4 Bg6 19. Bd3 Rxe1+ 20. Nxe1 c4 21.
bxc4 Bxd3 22. Nxd3 dxc4 23. Nf2 b5 24. Rb1 b4 25. cxb4 Ra8 26. Ne4 Rxa2 27. Nd6
Bxd6 28. exd6 Rd2 29. d7 Rxd7 30. b5 Kf7 31. Rc1 Rd4 32. Kf2 e5 33. Ke3 Ke6 34.
Rc3 Kd5 35. Ra3 Re4+ 36. Kf3 exf4 37. gxf4 Re7 38. Ra1 c3 39. f5 Kc4 40. b6 c2
41. h4 Rd7 42. Ra8 Kd3 43. Rc8 Rd6 0-1

[Event "C.to Italiano Semifinale"]
[Site "Torino ITA"]
[Date "2000.06.19"]
[Round "2"]
[White "Collutiis, Duilio"]
[Black "Sarno, Spartaco"]
[Result "0-1"]
[WhiteElo "2271"]
[BlackElo "2391"]
[PlyCount "114"]
[EventDate "2000.06.18"]

1. e4 d6 2. d4 Nf6 3. Nc3 g6 4. Nf3 Bg7 5. h3 O-O 6. Be3 a6 7. a4 b6 8. Bd3 Bb7
9. Nd2 Nbd7 10. O-O c5 11. f4 cxd4 12. Bxd4 Qc7 13. Qe1 e5 14. fxe5 Nxe5 15.
Qh4 Nfd7 16. Be3 Rae8 17. Bh6 Bxh6 18. Qxh6 Nc5 19. Rac1 Qd7 20. Qe3 d5 21. Qd4
dxe4 22. Qxd7 Nexd7 23. Bc4 e3 24. Rce1 Kg7 25. Nf3 Ne5 26. Nxe5 Rxe5 27. Nd1
Nxa4 28. b3 Nc5 29. Rxe3 Rxe3 30. Nxe3 b5 31. Bd5 Bxd5 32. Nxd5 Rd8 33. Nc7 Rc8
34. Nd5 Rd8 35. Nc7 Rc8 36. Nd5 Ne6 37. c3 Rc5 38. Rd1 Nc7 39. Nxc7 Rxc7 40.
Rd3 Kf8 41. b4 Ke7 42. Kf2 Rc6 43. h4 Rd6 44. Re3+ Kd7 45. Kf3 h6 46. g3 Rf6+
47. Kg2 Kd6 48. Rd3+ Ke5 49. Rd7 h5 50. Rc7 Kd6 51. Ra7 Kd5 52. Rd7+ Kc4 53.
Rc7+ Kb3 54. Rc8 Rd6 55. Rc7 f5 56. Kf2 Rd2+ 57. Ke3 Rc2 0-1

[Event "C.to Italiano Semifinale"]
[Site "Torino ITA"]
[Date "2000.06.19"]
[Round "2"]
[White "Contin, Daniel"]
[Black "Ferretti, Folco"]
[Result "1-0"]
[WhiteElo "2391"]
[BlackElo "2286"]
[PlyCount "91"]
[EventDate "2000.06.18"]

1. c4 Nf6 2. Nc3 e6 3. Nf3 Bb4 4. Qc2 O-O 5. a3 Bxc3 6. Qxc3 b6 7. g3 Bb7 8.
Bg2 d6 9. b4 Nbd7 10. Bb2 Qe7 11. O-O c5 12. d3 Rfc8 13. b5 a6 14. a4 axb5 15.
axb5 Qf8 16. Ne5 Bxg2 17. Nxd7 Nxd7 18. Kxg2 e5 19. f4 Rxa1 20. Bxa1 Ra8 21. e4
Ra2+ 22. Bb2 Qa8 23. Kg1 Qa5 24. Qc1 Qb4 25. Rf2 Qb3 26. Qd2 Nf8 27. f5 Nd7 28.
g4 Kf8 29. g5 Ke8 30. h4 Nf8 31. h5 Rxb2 32. Qxb2 Qd1+ 33. Rf1 Qxd3 34. Qg2
Qxc4 35. Rd1 Qb3 36. Rxd6 Qe3+ 37. Kf1 Qc1+ 38. Ke2 Qb2+ 39. Kf3 Qxb5 40. Qe2
c4 41. Qd1 Nd7 42. g6 fxg6 43. h6 gxh6 44. f6 Nf8 45. Rd8+ Kf7 46. Rxf8+ 1-0

[Event "C.to Italiano Semifinale"]
[Site "Torino ITA"]
[Date "2000.06.19"]
[Round "2"]
[White "De Barberis, Massimo"]
[Black "Di Lao, Riccardo"]
[Result "1-0"]
[WhiteElo "2103"]
[BlackElo "1716"]
[PlyCount "91"]
[EventDate "2000.06.18"]

1. e4 c5 2. Nf3 e6 3. c3 d5 4. e5 Nc6 5. d4 Qb6 6. a3 c4 7. Be2 h6 8. Nbd2 Na5
9. O-O Bd7 10. Rb1 Nb3 11. Nxb3 Ba4 12. Nfd2 Rc8 13. Qe1 Bxb3 14. Nxb3 cxb3 15.
Bd3 g6 16. Be3 Ne7 17. Qe2 a6 18. c4 dxc4 19. Bxc4 Nf5 20. Qd3 Be7 21. Qxb3
Qxb3 22. Bxb3 O-O 23. d5 exd5 24. Bxd5 Rc7 25. Bb6 Rd7 26. Rbd1 Kh7 27. Be4
Rxd1 28. Rxd1 Bg5 29. g3 h5 30. Rd7 Bc1 31. Bxf5 gxf5 32. Bc5 Rc8 33. Bd4 Kg6
34. Rxb7 f4 35. Kg2 Rd8 36. Bc3 Rd3 37. gxf4 Bxf4 38. Rb6+ Kg5 39. Rxa6 h4 40.
h3 Kf5 41. Rf6+ Ke4 42. Rxf7 Rd8 43. e6 Re8 44. e7 Bd6 45. Bf6 Rg8+ 46. Kf1 1-0

[Event "C.to Italiano Semifinale"]
[Site "Torino ITA"]
[Date "2000.06.19"]
[Round "2"]
[White "Laco, Giuseppe"]
[Black "Vigile, Matteo"]
[Result "1/2-1/2"]
[WhiteElo "2209"]
[BlackElo "1783"]
[PlyCount "147"]
[EventDate "2000.06.18"]

1. e4 e5 2. Nf3 Nc6 3. Bb5 Bc5 4. O-O Nd4 5. Nxd4 Bxd4 6. c3 Bb6 7. d4 c6 8.
Ba4 d6 9. Be3 Nf6 10. dxe5 dxe5 11. Qxd8+ Bxd8 12. f3 Be6 13. Nd2 O-O 14. b4
Bb6 15. Bxb6 axb6 16. Bb3 Rfd8 17. Bxe6 Rxd2 18. Bb3 Rd3 19. Rac1 Nh5 20. g3
Kf8 21. Bc4 Rd2 22. Rf2 Rad8 23. Rc2 Rxc2 24. Rxc2 Nf6 25. Be2 Rd6 26. Kf2 Nd7
27. a4 Ke7 28. Ke3 f6 29. f4 g6 30. f5 Nb8 31. g4 g5 32. Rc1 Na6 33. Bc4 Nc7
34. b5 cxb5 35. axb5 Rd8 36. Bd3 Ra8 37. h4 h6 38. Rh1 Rh8 39. Be2 Ne8 40. hxg5
fxg5 41. Ra1 Nd6 42. c4 Rc8 43. Ra7 Kf6 44. Bd3 Rc7 45. Ra4 Rc5 46. Be2 Rc8 47.
Kd3 Rd8 48. Ke3 Rc8 49. Bd3 Rc7 50. Kd2 Rc8 51. Rb4 Rh8 52. Ra4 Rc8 53. Ra7 Ke7
54. Kc2 Kf6 55. Kb3 Ke7 56. Kb4 Kd8 57. Ra1 Ke7 58. Rh1 Nf7 59. Bc2 Rd8 60. Kc3
Kf6 61. Ra1 Nd6 62. Kb4 Rc8 63. Bd3 Ke7 64. Rc1 Rc5 65. Rh1 Nf7 66. Be2 Rc8 67.
Rd1 Rc5 68. Bd3 Nd6 69. Rh1 Nf7 70. Bb1 Rc8 71. Ba2 Rc5 72. Rf1 Nd6 73. Rh1 Nf7
74. Rf1 1/2-1/2

[Event "C.to Italiano Semifinale"]
[Site "Torino ITA"]
[Date "2000.06.19"]
[Round "2"]
[White "Nikolajevic, Tihomir"]
[Black "Rossi, Giampiero"]
[Result "1/2-1/2"]
[WhiteElo "1740"]
[BlackElo "2078"]
[PlyCount "89"]
[EventDate "2000.06.18"]

1. e4 c5 2. Nf3 e6 3. d4 cxd4 4. Nxd4 a6 5. Nc3 Qc7 6. g3 Nf6 7. Bg2 Be7 8. O-O
O-O 9. Be3 Nc6 10. Qe2 Ne5 11. Rad1 d6 12. f4 Ng6 13. Kh1 Bd7 14. Bg1 Rfc8 15.
f5 Ne5 16. Be3 exf5 17. exf5 Rab8 18. Bg5 Qd8 19. Bxf6 Bxf6 20. Nd5 Nc6 21.
Nxf6+ Qxf6 22. Nxc6 Bxc6 23. Bxc6 Rxc6 24. c3 Rc5 25. Qd3 Rd8 26. Qf3 Rd7 27.
Rde1 Re5 28. Qd3 h6 29. Kg2 Rde7 30. Rxe5 Qxe5 31. Rf2 Kf8 32. Rd2 Ke8 33. Kf3
Kd7 34. c4 Kc7 35. b4 b6 36. a4 g6 37. g4 gxf5 38. gxf5 Qf6 39. c5 bxc5 40.
bxc5 dxc5 41. Qd8+ Kc6 42. Qc8+ Kb6 43. Qd8+ Kc6 44. Qd5+ Kc7 45. Qd8+ 1/2-1/2

[Event "C.to Italiano Semifinale"]
[Site "Torino ITA"]
[Date "2000.06.19"]
[Round "2"]
[White "Orlando, Luigi"]
[Black "Petruccioli, Antonio"]
[Result "0-1"]
[WhiteElo "1794"]
[BlackElo "2114"]
[PlyCount "80"]
[EventDate "2000.06.18"]

1. e4 c5 2. Nf3 a6 3. d4 cxd4 4. Nxd4 Nf6 5. Bd3 d6 6. O-O e6 7. Kh1 Nbd7 8.
Nc3 Be7 9. f4 Qc7 10. f5 e5 11. Nb3 b5 12. a3 Bb7 13. Qf3 Nc5 14. Bg5 h6 15.
Bxf6 Bxf6 16. Rad1 O-O 17. Nxc5 dxc5 18. Nd5 Bxd5 19. exd5 Rad8 20. c4 b4 21.
axb4 cxb4 22. b3 a5 23. Qe2 Rfe8 24. Be4 Be7 25. Bc2 f6 26. Qg4 Bc5 27. Rf3 Kf8
28. Qe4 Ke7 29. Rg3 Kd6 30. Rg6 Re7 31. Qg4 Bd4 32. Qg3 Bc3 33. Qe3 Qc5 34. Qg3
Rdd7 35. Qh4 Rf7 36. Qg3 a4 37. bxa4 Qxc4 38. Qf2 Bd4 39. Qd2 b3 40. Qd3 bxc2
0-1

[Event "C.to Italiano Semifinale"]
[Site "Torino ITA"]
[Date "2000.06.19"]
[Round "2"]
[White "Rettore, Ludwig"]
[Black "Figus, Maurizio"]
[Result "1-0"]
[WhiteElo "2076"]
[BlackElo "1675"]
[PlyCount "97"]
[EventDate "2000.06.18"]

1. e4 c5 2. Nf3 Nc6 3. d4 cxd4 4. Nxd4 Nf6 5. Nc3 e5 6. Ndb5 d6 7. Bg5 a6 8.
Na3 b5 9. Nd5 Be7 10. Bxf6 Bxf6 11. c3 Bg5 12. Nc2 O-O 13. Bd3 Be6 14. Nce3 Ne7
15. Bc2 Bxe3 16. Nxe3 f5 17. exf5 Nxf5 18. Bxf5 Bxf5 19. Qd5+ Kh8 20. Rd1 Qf6
21. Nxf5 Qxf5 22. O-O Rfd8 23. Rd2 Rac8 24. Rfd1 h5 25. f3 Rc5 26. Qxc5 dxc5
27. Rxd8+ Kh7 28. a3 h4 29. h3 e4 30. R8d5 Qf4 31. fxe4 Qxe4 32. R5d2 a5 33.
Rf2 b4 34. axb4 axb4 35. cxb4 cxb4 36. Rdf1 g5 37. Kh1 Qd4 38. b3 Kg6 39. Rf3
Qb2 40. Re1 Qd4 41. Re6+ Kg7 42. Kh2 Qd5 43. Rfe3 Kf7 44. R6e5 Qd6 45. Rf3+ Kg6
46. Rff5 Qd2 47. Rxg5+ Qxg5 48. Rxg5+ Kxg5 49. g3 1-0

[Event "C.to Italiano Semifinale"]
[Site "Torino ITA"]
[Date "2000.06.19"]
[Round "2"]
[White "Tatai, Stefano"]
[Black "Martorelli, Antonio"]
[Result "1-0"]
[WhiteElo "2371"]
[BlackElo "2271"]
[PlyCount "83"]
[EventDate "2000.06.18"]

1. e4 c5 2. Nf3 e6 3. d4 cxd4 4. Nxd4 a6 5. Bd3 d5 6. exd5 Qxd5 7. O-O Nd7 8.
Be3 Ngf6 9. c4 Qd6 10. Nc3 Be7 11. Rc1 O-O 12. Na4 b6 13. Qf3 Ne5 14. Qxa8 Nxd3
15. Rcd1 Ng4 16. Nf3 Nxe3 17. fxe3 f5 18. Qa7 Bd8 19. Ne1 Bc7 20. Rxd3 Qxh2+
21. Kf2 Qh4+ 22. Ke2 Qxc4 23. b3 Qg4+ 24. Kd2 Qb4+ 25. Kc1 Bd8 26. Nc2 Qe4 27.
Rfd1 Bf6 28. Qxb6 Qxg2 29. Nc5 h5 30. Nxe6 Bxe6 31. Qxe6+ Kh8 32. Kb1 Qf2 33.
R3d2 Qg3 34. Qxf5 h4 35. Qh5+ Kg8 36. Qd5+ Kh8 37. Qd6 Qxd6 38. Rxd6 g5 39. Rf1
Kg7 40. Nd4 Rf7 41. Nf5+ Kg6 42. e4 1-0

[Event "C.to Italiano Semifinale"]
[Site "Torino ITA"]
[Date "2000.06.19"]
[Round "2"]
[White "Zotti, Enrico"]
[Black "Astengo, Marcello"]
[Result "0-1"]
[WhiteElo "1704"]
[BlackElo "2032"]
[PlyCount "92"]
[EventDate "2000.06.18"]

1. e4 e6 2. d4 d5 3. Nd2 Nf6 4. e5 Nfd7 5. Ngf3 c5 6. c3 Nc6 7. Bd3 Qb6 8. O-O
cxd4 9. cxd4 Nxd4 10. Nxd4 Qxd4 11. Nf3 Qb6 12. b4 Be7 13. Be3 Qxb4 14. Rb1 Qa5
15. Qc2 h6 16. Rb5 Qd8 17. Qa4 O-O 18. Qg4 f5 19. Qg6 Nb6 20. Bxh6 Rf7 21. Bg5
Nd7 22. Bxe7 Rxe7 23. Ng5 Nf8 24. Qh5 Bd7 25. Rb4 Be8 26. Qh3 Rc7 27. f4 Qe7
28. g4 Qxb4 29. gxf5 Qd4+ 30. Kg2 Rc3 31. Rf3 Rxd3 32. Rxd3 Qxf4 33. Qg3 Qxf5
34. Rf3 Qg6 35. Qf4 Bc6 36. Rg3 d4+ 37. Kg1 Qb1+ 38. Qf1 Qxf1+ 39. Kxf1 Rd8 40.
Ke1 Bb5 41. Kd2 a6 42. Ne4 Bc6 43. Ng5 Rd5 44. Nf3 Nd7 45. Rg5 Nc5 46. Rg4 d3
0-1

[Event "C.to Italiano Semifinale"]
[Site "Torino ITA"]
[Date "2000.06.20"]
[Round "3"]
[White "Astengo, Marcello"]
[Black "Laco, Giuseppe"]
[Result "0-1"]
[WhiteElo "2032"]
[BlackElo "2209"]
[PlyCount "58"]
[EventDate "2000.06.18"]

1. d4 g6 2. c4 Bg7 3. Nc3 c5 4. d5 Bxc3+ 5. bxc3 Qa5 6. Qc2 f5 7. Nf3 d6 8. Rb1
Nd7 9. Rb5 Qa6 10. Bf4 Ngf6 11. e3 Nb6 12. Ng5 Bd7 13. Ne6 Rc8 14. Rb3 Ba4 15.
Be2 Nxc4 16. O-O b5 17. Ng7+ Kd8 18. Ne6+ Kd7 19. Bxc4 Bxb3 20. Bxb3 c4 21. Qd2
cxb3 22. axb3 Ne4 23. Qd4 Nxc3 24. Nc5+ Rxc5 25. Qxh8 b4 26. Qxh7 Ne2+ 27. Kh1
Ng3+ 28. hxg3 Qxf1+ 29. Kh2 Rc1 0-1

[Event "C.to Italiano Semifinale"]
[Site "Torino ITA"]
[Date "2000.06.20"]
[Round "3"]
[White "Di Lao, Riccardo"]
[Black "Ciuffoletti, Paolo"]
[Result "1-0"]
[WhiteElo "1716"]
[BlackElo "2168"]
[PlyCount "67"]
[EventDate "2000.06.18"]

1. d4 g6 2. c4 Bg7 3. Nc3 d6 4. e4 Nc6 5. Be3 e5 6. Nge2 exd4 7. Nxd4 Nge7 8.
Be2 O-O 9. O-O f5 10. f3 f4 11. Bf2 Bd7 12. c5 Nc8 13. Qb3+ Kh8 14. Nxc6 bxc6
15. Rfd1 Be5 16. Rd2 dxc5 17. Bxc5 Nd6 18. Qa3 Qf6 19. Rad1 a5 20. Na4 Rfb8 21.
Nb6 Rxb6 22. Bxb6 cxb6 23. Rxd6 Bxd6 24. Rxd6 Be6 25. Bc4 Re8 26. h3 Kg7 27.
Kh1 Qe5 28. Bxe6 Rxe6 29. Rd7+ Kg8 30. Qb3 a4 31. Qxb6 Re8 32. Qxc6 Qxb2 33.
Qd5+ Kh8 34. Qf7 1-0

[Event "C.to Italiano Semifinale"]
[Site "Torino ITA"]
[Date "2000.06.20"]
[Round "3"]
[White "Ferretti, Folco"]
[Black "Bellia, Fabrizio"]
[Result "1-0"]
[WhiteElo "2286"]
[BlackElo "2321"]
[PlyCount "63"]
[EventDate "2000.06.18"]

1. e4 e5 2. Nf3 Nc6 3. Bb5 a6 4. Ba4 Nf6 5. O-O Be7 6. Re1 b5 7. Bb3 d6 8. c3
O-O 9. d4 Bg4 10. d5 Na5 11. Bc2 c6 12. dxc6 Qc7 13. Nbd2 Qxc6 14. h3 Be6 15.
Nf1 h6 16. Ng3 Rfe8 17. Nh4 Kh8 18. Nhf5 Bf8 19. a4 d5 20. Qf3 dxe4 21. Nxe4
Ng8 22. Ng5 Qxf3 23. Nxf3 b4 24. Nxe5 b3 25. Bd3 Rad8 26. Nd4 Bd5 27. Bf4 g5
28. Bg3 Ra8 29. Nd7 Rxe1+ 30. Rxe1 Bg7 31. Nb6 Bxd4 32. cxd4 1-0

[Event "C.to Italiano Semifinale"]
[Site "Torino ITA"]
[Date "2000.06.20"]
[Round "3"]
[White "Figus, Maurizio"]
[Black "Zotti, Enrico"]
[Result "1-0"]
[WhiteElo "1675"]
[BlackElo "1704"]
[PlyCount "73"]
[EventDate "2000.06.18"]

1. e4 c5 2. Nf3 d6 3. d4 cxd4 4. Nxd4 Nf6 5. Nc3 a6 6. Bg5 Nbd7 7. f4 Qc7 8.
Qf3 b5 9. e5 Bb7 10. exd6 Qb8 11. Qe3 Qxd6 12. O-O-O Qc5 13. Be2 Rc8 14. Rd2 h6
15. Bxf6 Nxf6 16. Rhd1 Nd5 17. Nxd5 Bxd5 18. Qe5 e6 19. Bh5 Qd6 20. Qxd6 Bxd6
21. Nxe6 Bxe6 22. Rxd6 Ke7 23. Rxa6 Rc5 24. Be2 g5 25. g3 gxf4 26. gxf4 Rg8 27.
Bd3 Rg2 28. Re1 Kd8 29. h4 Kc7 30. Be4 Rh2 31. Ra7+ Kb6 32. Rb7+ Ka6 33. Rb8
Rxh4 34. Rd1 Rxf4 35. Rd6+ Ka5 36. Ra8+ Kb4 37. a3+ 1-0

[Event "C.to Italiano Semifinale"]
[Site "Torino ITA"]
[Date "2000.06.20"]
[Round "3"]
[White "Martorelli, Antonio"]
[Black "De Barberis, Massimo"]
[Result "1-0"]
[WhiteElo "2271"]
[BlackElo "2103"]
[PlyCount "41"]
[EventDate "2000.06.18"]

1. e4 c5 2. Nf3 d6 3. d4 cxd4 4. Nxd4 Nf6 5. Nc3 a6 6. g3 Bd7 7. Bg2 Nc6 8. O-O
e6 9. a4 Be7 10. Nb3 Rc8 11. a5 Nb4 12. Be3 Bc6 13. Bb6 Qd7 14. Re1 O-O 15. Nd4
d5 16. e5 Ne8 17. Nce2 Bb5 18. Nxb5 Qxb5 19. c3 Nd3 20. Nd4 Qc4 21. Ra4 1-0